000 01020nam a2200253Ia 4500
001 2984
003 GE_BSU
008 181216s||||||||xx |||||||||||||| ||und||
020 _a5851770147
040 _cGE_BSU
080 _a336.1(075.8)
100 _aКоласс, Бернар
245 _aУправление финансовой деятельностью предприятия.
245 _bПроблемы, концепции и методы: Учебное пособие. Gestion financiere de l'entreprise
245 _cПеревод французского под редакцией проф. Я. В. Соколова. гл. ред. изд. во. Н.Д. Эриашвили.
260 _aМосква
260 _bЮНИТИ
260 _c1997
300 _a576 с. 24 см.
541 _h19 л. 10 т.
653 _aПроблемы, концепции и методы
653 _aУправление финансовой деятельностью предприятия
942 _cBK
999 _c37030
_d37030